000 01460cam a22004094i 4500
003 PE-LiUPU
005 20250731173219.0
008 150625s r 000 0 d
035 _a(Sirsi) a33351
040 _aPE-LiUPU
_bspa
_cPE-LiUPU
_erda
082 0 4 _a225.95
_bB23
_221
100 1 _aBarrett, C. K.,
_eautor.
245 1 4 _aThe New Testament Background: Selected Documents.
264 1 _a
336 _atext
_2rdacontent
337 _aunmediated
_2rdamedia
338 _avolume
_2rdacarrier
526 _aSEG42
526 _aSEG41
526 _aSEG40
526 _aSEG39
526 _aP94
526 _aP87
526 _aP86
526 _aP85
526 _aP77
526 _aP76
526 _aP35
942 _2ddc
_cBOOK
949 _a225.95 B23
_wDEWEY
_c1
_i37914
_lCCODEBUL1
_mBUL
_p00.00
_r0
_sY
_tBOOK
_u2015-06-25
_xBIBLIOTECA
_zUNKNOWN
_0COMPRA
_o.STAFF. Colección General
949 _a225.95 B23
_wDEWEY
_c2
_i38581
_lCCODEBUL1
_mBUL
_p00.00
_r0
_sY
_tBOOK
_u2015-06-25
_xBIBLIOTECA
_zUNKNOWN
_0COMPRA
_o.STAFF. Colección General
596 _a1
999 _a225.95 B23
_wDEWEY
_c41089
_i37914
_f2019-12-10
_g4
_lDISCARD
_mBUL
_r1
_sY
_tBOOK
_u2015-6-25
_xTEOLOGIA
_zUNKNOWN
_0COMPRA
_o.STAFF. Colección General
_d41089
999 _a225.95 B23
_wDEWEY
_c2
_i38581
_f2021-11-9
_g5
_lCCODEBUL1
_mBUL
_r0
_sY
_tBOOK
_u2015-6-25
_xTEOLOGIA
_zUNKNOWN
_0COMPRA
_o.STAFF. Colección General
980 _81
_gALBERTO SANCHEZ Responsable de Automatización